[Event "Las Vegas National op"]
[Site "Las Vegas"]
[Date "2025.06.07"]
[Round "7"]
[White "Wang, Ted"]
[Black "Cruz, Cristhian"]
[Result "0-1"]
[WhiteElo "2259"]
[BlackElo "2488"]
[PlyCount "72"]
[EventDate "2025.06.04"]
[EventType "swiss"]
[EventRounds "9"]
[EventCountry "USA"]
[SourceTitle "CB24_2025"]
[SourceDate "2025.06.11"]
[SourceVersion "1"]
[SourceVersionDate "2025.06.11"]
[SourceQuality "1"]

1. e4 e6 2. d4 d5 3. Nc3 a6 4. Nf3 Nf6 5. Bd3 c5 6. exd5 exd5 7. 0-0 c4 8. Re1+ Be7 9. Bf1 0-0 10. Bg5 Nc6 11. Ne5 Be6 12. g3 h6 13. Bf4 Re8 14. Bg2 Bb4 15. a3 Ba5 16. Rf1 Bxc3 17. bxc3 Ne4 18. Bxe4 dxe4 19. Nxc6 bxc6 20. d5 Bxd5 21. Be3 Qf6 22. Qe2 Qxc3 23. Rfd1 Qf6 24. Bd4 Qf5 25. Qe3 Re6 26. Rab1 Rg6 27. Bc3 Qh3 28. Be5 Rg5 29. Bf4 Rh5 30. c3 Qxh2+ 31. Kf1 Rf5 32. Qd4 Re8 33. Be3 Rxf2+ 34. Bxf2 e3 35. Bxe3 Qg2+ 36. Ke1 Bf3 0-1

[Event "GEO World Cup Final U12"]
[Site "Batumi"]
[Date "2024.07.01"]
[Round "1"]
[White "Wang, Ted"]
[Black "Aadik, Theophane Lenin"]
[Result "1-0"]
[WhiteElo "2034"]
[BlackElo "1961"]
[PlyCount "87"]
[EventDate "2024.07.01"]
[EventType "match"]
[EventRounds "7"]
[EventCountry "GEO"]
[SourceTitle "EXT 2025"]
[Source "ChessBase"]
[SourceDate "2024.10.14"]
[SourceVersion "1"]
[SourceVersionDate "2024.10.14"]
[SourceQuality "1"]

1. e4 c5 2. Nf3 e6 3. d3 Nc6 4. g3 g6 5. Bg2 Bg7 6. 0-0 Nge7 7. c3 e5 8. Nbd2 d6 9. a4 0-0 10. Nc4 h6 11. Bd2 f5 12. b4 f4 13. b5 Nb8 14. d4 fxg3 15. fxg3 exd4 16. cxd4 Bg4 17. dxc5 dxc5 18. Rc1 Nd7 19. Qb3 Be6 20. Bc3 Qc7 21. Bxg7 Kxg7 22. Qc3+ Kh7 23. Ne3 a6 24. Rfd1 axb5 25. axb5 Ra4 26. Qd3 Qb6 27. Qd6 Nc8 28. Qxb6 Ncxb6 29. Rd6 Re8 30. Ne5 Rd4 31. Nd5 Nxe5 32. Nf6+ Kh8 33. Nxe8 Rxd6 34. Nxd6 Nd3 35. Rc3 c4 36. Bf1 Na4 37. Ra3 Nac5 38. Bxd3 cxd3 39. Kf2 Nb3 40. Rxb3 Bxb3 41. Ke3 Kg7 42. Nxb7 Kf6 43. Nc5 d2 44. Kxd2 1-0

[Event "GEO World Cup-A U12"]
[Site "Batumi"]
[Date "2024.06.25"]
[Round "3"]
[White "Wang, Ted"]
[Black "Yerzhanuly, Yernur"]
[Result "1-0"]
[WhiteElo "2034"]
[BlackElo "1810"]
[PlyCount "57"]
[EventDate "2024.06.23"]
[EventType "swiss"]
[EventRounds "7"]
[EventCountry "GEO"]
[SourceTitle "EXT 2025"]
[Source "ChessBase"]
[SourceDate "2024.10.14"]
[SourceVersion "1"]
[SourceVersionDate "2024.10.14"]
[SourceQuality "1"]

1. e4 e6 2. d3 d5 3. Nd2 c5 4. Ngf3 Nf6 5. g3 Nc6 6. Bg2 Be7 7. 0-0 b6 8. Re1 Bb7 9. Qe2 Qc7 10. c3 0-0-0 11. Nf1 h6 12. Bf4 Qd7 13. b4 g5 14. Ne5 Qe8 15. Nxc6 Bxc6 16. Be5 Rg8 17. bxc5 bxc5 18. d4 Nxe4 19. Qa6+ Bb7 20. Qxa7 Qc6 21. Rab1 Bd6 22. Rb6 Qc7 23. Reb1 Rd7 24. Rxb7 Qxb7 25. Rxb7 Rxb7 26. Qa8+ Bb8 27. Bxe4 dxe4 28. Bxb8 Rxb8 29. Qc6+ 1-0

[Event "PNWCC vs Europe Hybrid 08"]
[Site "Chess.com INT"]
[Date "2022.08.21"]
[Round "6"]
[White "Asenov, Yordan"]
[Black "Wang, Ted"]
[Result "1-0"]
[WhiteElo "1877"]
[BlackElo "1565"]
[PlyCount "101"]
[EventDate "2022.08.19"]
[EventType "team-match"]
[EventRounds "8"]
[EventCountry "USA"]
[SourceTitle "EXT 2024"]
[Source "ChessBase"]
[SourceDate "2023.10.10"]
[SourceVersion "1"]
[SourceVersionDate "2023.10.10"]
[SourceQuality "1"]
[WhiteTeam "Europe"]
[BlackTeam "PNWCC"]
[BlackTeamCountry "USA"]

1. e4 c5 2. Nc3 Nc6 3. g3 e6 4. Bg2 Nf6 5. Nge2 Be7 6. 0-0 0-0 7. d4 d5 8. exd5 exd5 9. Bg5 Be6 10. dxc5 d4 11. Bxf6 Bxf6 12. Ne4 Be7 13. Nf4 Bc4 14. Re1 Re8 15. b3 Be6 16. Nxe6 fxe6 17. Qg4 e5 18. a3 a6 19. b4 Qc8 20. Qxc8 Raxc8 21. Rad1 Rcd8 22. Rd3 Bf8 23. Nd2 Be7 24. Nc4 Bf6 25. Nd6 Re7 26. Rdd1 Nb8 27. Nxb7 Rc8 28. Nd6 Rcc7 29. Rd3 Red7 30. f4 Re7 31. fxe5 Bxe5 32. Bd5+ Kf8 33. Rf1+ Bf6 34. Rxd4 Nd7 35. Re4 Ne5 36. g4 h6 37. h4 Nf7 38. Rxe7 Rxe7 39. Bxf7 Re2 40. Bc4 Re5 41. Rf5 Rxf5 42. Nxf5 Bb2 43. c6 Be5 44. Bxa6 Bb8 45. c4 Kf7 46. c5 Kf6 47. b5 h5 48. b6 hxg4 49. c7 Bxc7 50. bxc7 Kxf5 51. c8Q+ 1-0

[Event "PNWCC vs Europe Hybrid 08"]
[Site "Chess.com INT"]
[Date "2022.08.21"]
[Round "5"]
[White "Wang, Ted"]
[Black "Asenov, Yordan"]
[Result "1/2-1/2"]
[WhiteElo "1565"]
[BlackElo "1877"]
[PlyCount "60"]
[EventDate "2022.08.19"]
[EventType "team-match"]
[EventRounds "8"]
[EventCountry "USA"]
[SourceTitle "EXT 2024"]
[Source "ChessBase"]
[SourceDate "2023.10.10"]
[SourceVersion "1"]
[SourceVersionDate "2023.10.10"]
[SourceQuality "1"]
[WhiteTeam "PNWCC"]
[BlackTeam "Europe"]
[WhiteTeamCountry "USA"]

1. e4 d5 2. exd5 Qxd5 3. Nc3 Qa5 4. d4 Nf6 5. Nf3 c6 6. Bc4 Bf5 7. Ne5 e6 8. g4 Be4 9. f3 Bd5 10. Bd2 Bb4 11. a3 Bxc3 12. Bxc3 Qc7 13. Qe2 Nbd7 14. 0-0-0 Nxe5 15. dxe5 Nd7 16. Bxd5 cxd5 17. Bd4 Nb6 18. h4 Qc4 19. Qd3 Qxd3 20. cxd3 Nd7 21. f4 0-0 22. Kd2 Rfc8 23. Rc1 b6 24. b4 Kf8 25. Rhe1 Ke7 26. f5 Kd8 27. Rf1 Rxc1 28. Rxc1 Rc8 29. Rxc8+ Kxc8 30. Kc3 Kc7 1/2-1/2